Statistics for Lobes of the Brain

Click here to take the quiz!

General Stats

  • This quiz has been taken 17 times
  • The average score is 3 of 5

Answer Stats

Lobe% Correct
Frontal Lobe
94%
Parietal Lobe
81%
Occipital Lobe
63%
Temporal Lobe
63%
Limbic Lobe
25%

Score Distribution

Percentile by Number Answered

Percent of People with Each Score

Your Score History

You have not taken this quiz